00436nam a2200205Ia 4500003000900000008004100009040001300050040001300063041000800076100001900084100000700103245003800110250001000148260001500158260000900173300001100182300001000193490002100203490000600224IT-RoPAU120407s9999 xx 000 0 und d aIT-RoPAU cIT-RoPAU afra aM. J. Lagrange cop aEvangile selon Saint Marc. 5. ed. aParis aJ. Gabalda c1929 a480 p. c24 cm aEtudes bibliques v1